000 00808nam a22002057a 4500
999 _c370066
_d370066
008 201130b ||||| |||| 00| 0 eng d
040 _bger
_cDE-2950
_erda
_aDE-2950
041 _ager
100 _aWeber-Rath, Ines:
245 _aEnspannt gedämpfte Hefeklöße sind heiß begehrt.
_bWirtschaft: Die Produktion im Oderfrucht-Traditionswerk lief in der Coronakrise unvermindert weiter. Der Absatz hat sich im Einzelhandel verlagert./
_cInes Weber-Rath
264 _c2021
653 _aFrankfurt (Oder)
653 _aCorona
653 _aWirtschaft
773 _dFrankfurt (Oder): Märkisches Verlags- und Druckhaus GmbH & Co KG
_g32. Jahrgang (2021) Nr. 174 vom 29.07.2021, S. 13: Foto
_tMärkische Oderzeitung
942 _cA